| 000 | 00503nam a22001817a 4500 | ||
|---|---|---|---|
| 005 | 20251108164102.0 | ||
| 008 | 250721s1975 xx 000 0 ara d | ||
| 082 | 1 | 4 | _a782.42009563/ديو |
| 100 | 1 |
_aالدلنمي، محمد نايف _eتحقيق |
|
| 245 | 1 | 0 | _aدايون الموشحات الموصلية / |
| 264 | 1 |
_aبغداد : _c1975. |
|
| 300 | _a250ص | ||
| 650 | 1 | 7 | _aالموشحات |
| 650 | 1 | 7 | _aالشعر العربي |
| 650 | 1 | 7 | _aالعراق |
| 942 |
_2ddc _cBK |
||
| 999 |
_c3246 _d3246 |
||